Statistiken für Werder Bremen: Alle Torschützen in europäischen Wettbewerben

Klicken Sie hier um das Quiz zu spielen!

Allgemein

  • Dieses Quiz wurde 33 mal gespielt
  • Das Durchschnittsergebnis liegt bei 23 aus 39

Antwortstatistiken

PositionNationalitätToreAntwort% Korrekt
StürmerPeru29Claudio Pizarro
100%
MittelfeldBrasilien13Diego
94%
StürmerDeutschland8Miroslav Klose
91%
StürmerBrasilien6Ailton
88%
StürmerKroatien10Ivan Klasnic
88%
VerteidigerBrasilien10Naldo
88%
StürmerParaguay4Nelson Valdez
88%
VerteidigerDeutschland3Per Mertesacker
88%
StürmerPortugal15Hugo Almeida
84%
MittelfeldFrankreich8Johan Micoud
84%
StürmerSchweden6Markus Rosenberg
81%
MittelfeldDeutschland8Torsten Frings
78%
StürmerGriechenland4Angelos Charisteas
75%
VerteidigerÖsterreich2Sebastian Prödl
72%
StürmerElfenbeinküste4Boubacar Sanogo
69%
MittelfeldDeutschland6Frank Baumann
69%
StürmerÖsterreich2Marko Arnautovic
69%
MittelfeldDeutschland7Tim Borowski
69%
MittelfeldDeutschland1Mesut Özil
66%
VerteidigerFrankreich2Valerien Ismael
63%
VerteidigerDeutschland2Clemens Fritz
59%
MittelfeldDeutschland3Marko Marin
59%
VerteidigerPolen1Sebastian Boenisch
59%
MittelfeldÖsterreich4Andreas Herzog
56%
MittelfeldDänemark3Daniel Jensen
56%
VerteidigerKanada2Paul Stalteri
56%
StürmerDeutschland5Marco Bode
53%
MittelfeldDeutschland2Aaron Hunt
47%
VerteidigerNiederlande3Frank Verlaat
44%
MittelfeldUngarn1Krisztián Lisztes
44%
MittelfeldDeutschland1Fabian Ernst
41%
StürmerBolivien1Marcelo Moreno
34%
VerteidigerSerbien1Mladen Krstajic
34%
StürmerSerbien3Rade Bogdanovic
25%
VerteidigerDeutschland1Christian Schulz
22%
MittelfeldSchweiz1Raphael Wicky
22%
MittelfeldUkraine2Yuriy Maksymov
6%
VerteidigerDeutschland1Andree Wiedener
3%
MittelfeldDeutschland1Christoph Dabrowski
3%

Verteilung der Resultate

Perzentil nach korrekt beantworteten Fragen

Anzahl Personen mit jedem Resultat

Ihre Resultats-Entwicklung

Sie haben dieses Quiz noch nicht gespielt